Statistics for Countries That Touch the Meditarreanian Sea

Click here to take the quiz!

General Stats

  • This quiz has been taken 25 times
  • The average score is 12 of 14

Answer Stats

Answer% Correct
Italy
100%
Algeria
96%
France
96%
Morocco
92%
Spain
92%
Egypt
88%
Greece
88%
Libya
88%
Monaco
88%
Tunisia
88%
Turkey
88%
Israel
75%
Lebanon
71%
Syria
67%

Score Distribution

Percentile by Number Answered

Percent of People with Each Score

Your Score History

You have not taken this quiz